Celebrity Couples by Pictures - Statistics

General Stats
  • This quiz has been taken 159 times
  • The average score is 19 of 24
Answer Stats
Picture Hint Answer % Correct
Prince Harry
96%
Taylor Swift
96%
Barack Obama
94%
Jay-Z
94%
Michelle Obama
94%
Beyoncé
93%
2005-2019 Brad Pitt
91%
Meghan Markle
91%
2012-2021 Kim Kardashian
89%
2012-2021 Kanye West
88%
2005-2019 Angelina Jolie
86%
Prince William
84%
Zendaya
84%
Kate Middleton
83%
Ryan Gosling
82%
Rihanna
81%
2002-2004 / 2021-2025 Jennifer Lopez
79%
Tom Holland
75%
2002-2004 / 2021-2025 Ben Affleck
67%
Emily Blunt
63%
Travis Kelce
63%
John Krasinski
50%
ASAP Rocky
49%
Eva Mendes
42%
No matching quizzes found
Score Distribution
Percent of People with Each Score
Percentile by Number Answered
Your Score History
You have not taken this quiz